[Event "49th TCh-DEN XtraCon 2010-11"]
[Site "Denmark DEN"]
[Date "2010.11.07"]
[Round "2.6"]
[White "Baekgaard,M"]
[Black "Hoiberg,N"]
[Result "1-0"]
[WhiteElo "2263"]
[BlackElo "2198"]

1.d4 d6 2.e4 Nf6 3.Nc3 c6 4.f4 Qa5 5.e5 Ne4 6.Qf3 Nxc3 7.Bd2 Qd5 8.Qxc3 Bg4
9.h3 Bf5 10.Nf3 dxe5 11.fxe5 e6 12.Bd3 Bxd3 13.Qxd3 Na6 14.a3 Be7 15.c4 Qd7
16.O-O h6 17.b4 Nc7 18.a4 b6 19.Qe4 O-O 20.b5 c5 21.Be3 cxd4 22.Bxd4 Bb4
23.Ne1 Rac8 24.Nc2 Be7 25.Rfd1 Rfd8 26.Qf3 Qe8 27.Ne3 Qf8 28.Rd3 Rd7 29.Rad1 Rcd8
30.Nc2 f6 31.exf6 Bxf6 32.Bf2 Rxd3 33.Rxd3 e5 34.a5 bxa5 35.Bxa7 Ne6 36.Rxd8 Qxd8
37.Ne3 Nd4 38.Qd5+ Qxd5 39.Nxd5 a4 40.Bxd4 exd4 41.Nxf6+  1-0

[Event "VII Open"]
[Site "Figueira da Foz POR"]
[Date "2010.11.07"]
[Round "9.15"]
[White "Beltran Ortiz,E"]
[Black "Kasparova,T"]
[Result "0-1"]
[WhiteElo "1883"]
[BlackElo "2187"]

1.e4 d6 2.d4 Nf6 3.Nc3 e5 4.dxe5 dxe5 5.Qxd8+ Kxd8 6.Bc4 Be6 7.Bxe6 fxe6
8.f3 Bd6 9.Be3 a6 10.Nge2 Nbd7 11.O-O-O Ke7 12.Rhf1 h6 13.Kb1 Nh5 14.g3 g5
15.Rh1 Raf8 16.Rdf1 Ndf6 17.g4 Nf4 18.h4 Ng2 19.Bf2 Nd7 20.hxg5 hxg5 21.Rxh8 Rxh8
22.Rg1 Nf4 23.Be3 Rh3 24.Ng3 Nf8 25.Bf2 N8g6 26.Be1 Nh4 27.Rf1 Bc5 28.Kc1 Nhg2
29.Nh5 Nxh5 30.gxh5 Rxh5 31.Bd2 Kf6 32.Nd1 Rh3 33.c3 Kg6 34.Be1 Nxe1  0-1

[Event "VII Open"]
[Site "Figueira da Foz POR"]
[Date "2010.11.07"]
[Round "9.5"]
[White "Stets,D"]
[Black "Vassallo Barroche,M"]
[Result "1-0"]
[WhiteElo "2454"]
[BlackElo "2422"]

1.e4 d6 2.d4 Nf6 3.Nc3 e5 4.Nf3 Nbd7 5.Bc4 Be7 6.a4 O-O 7.O-O c6 8.Ba2 a5
9.Re1 exd4 10.Nxd4 Nc5 11.Qf3 Be6 12.Nf5 Ne8 13.Be3 Bg5 14.Bxc5 dxc5 15.e5 Bxa2
16.Nxa2 g6 17.Rad1 Qc8 18.Nd6 Qc7 19.Qg3 Be7 20.Nc3 Rd8 21.Nce4 b5 22.h4 Ng7
23.Qf4 Ne6 24.Qh6 f5 25.h5 fxe4 26.hxg6 Bxd6 27.Rxd6 Nd4 28.Rxd8 Rxd8 29.gxh7+ Kh8
30.Qf6+ Kxh7 31.Rxe4  1-0

[Event "TCh-CZE 2010-11"]
[Site "Frydek Mistek CZE"]
[Date "2010.11.07"]
[Round "2.5"]
[White "Heberla,B"]
[Black "Priehoda,V"]
[Result "1/2-1/2"]
[WhiteElo "2538"]
[BlackElo "2398"]

1.e4 d6 2.Nc3 Nf6 3.d4 e5 4.Nf3 Nbd7 5.g4 Nxg4 6.Rg1 Ngf6 7.Bc4 h6 8.Be3 c6
9.a4 Qa5 10.Nd2 exd4 11.Bxd4 Ne5 12.Be2 g5 13.Nc4 Qc7 14.Qd2 Be6 15.f4 Bxc4
16.fxe5 dxe5 17.Bxc4 exd4 18.Qxd4 Qd6 19.Qe3 Qb4 20.Bb3 Bc5 21.Qf3 O-O-O
22.Rg2 Bd4 23.Re2 Kb8 24.a5 g4 25.Qg3+ Ka8 26.Kf1 h5 27.a6 h4 28.Qf4 Bxc3
29.bxc3 Qxc3 30.axb7+ Kxb7 31.Rb1 Qf3+ 32.Qxf3 gxf3 33.Re3 Kc7 34.Rxf3 Nxe4
35.Rxf7+ Rd7 36.Rxd7+ Kxd7 37.Ra1 Nd2+  1/2-1/2

[Event "Frauenbundesliga 1st Div 2010-11"]
[Site "Germany GER"]
[Date "2010.11.07"]
[Round "2.6"]
[White "Leks,H"]
[Black "Stemmler,L"]
[Result "1-0"]
[WhiteElo "2195"]
[BlackElo "1835"]

1.e4 d6 2.d4 Nf6 3.Nc3 Nbd7 4.f4 c5 5.d5 g6 6.Nf3 Bg7 7.e5 dxe5 8.fxe5 Ng4
9.e6 Nde5 10.Bb5+ Kf8 11.O-O f6 12.Nxe5 Nxe5 13.Bf4 f5 14.Qe2 Ng4 15.Qxg4 Bd4+
16.Kh1 fxg4 17.Bc7+ Kg7 18.Rf7+ Kh6 19.Bxd8 Rxd8 20.Rxe7 a6 21.Be2 b5 22.Bxg4 b4
23.Ne2 Bxb2 24.Rf1 a5 25.h4 Ba6 26.Rff7 Rh8 27.d6 Be5 28.d7 Bd6 29.Bf3 Rad8
30.Nf4 Bxe7 31.Rxe7 Bc4 32.Bd5 Bxd5 33.Nxd5 Rhf8 34.Nc7 g5 35.Re8 Kg7 36.Rxd8  1-0

[Event "TCh-NOR Attack-serien 2010-11"]
[Site "Oslo NOR"]
[Date "2010.11.07"]
[Round "3"]
[White "Lie,Es"]
[Black "Harestad,H"]
[Result "1/2-1/2"]
[WhiteElo "2455"]
[BlackElo "2265"]

1.e4 d6 2.d4 Nf6 3.Nc3 e5 4.Nf3 Nbd7 5.Bc4 Be7 6.O-O O-O 7.Re1 a6 8.a4 b6
9.b3 Bb7 10.Bb2 c6 11.Bd3 g6 12.dxe5 dxe5 13.Ne2 Qc7 14.Qd2 a5 15.Ng3 Rfe8
16.Qe2 Bf8 17.Bc4 Nc5 18.h4 Bc8 19.h5 Bd6 20.Rad1 Ne6 21.Bxe6 Bxe6 22.Qd2 Rad8
23.Qg5 Nd7 24.hxg6 fxg6 25.Nf5 Bf8 26.Nh6+ Bxh6 27.Qxh6 Bg4 28.Ng5 Nf8 29.f3 Bc8
30.Nh3 Ne6 31.Qh4 Nd4 32.Bxd4 exd4 33.Nf2 Qe7 34.Qh6 c5 35.Rd2 Rf8 36.Red1 Rde8
37.Re1 Qe5 38.Qh2 Qg5 39.Rd3 Ba6 40.Nh3 Qh4 41.Rdd1 Bc8 42.Nf2 Qg5 43.Rd3 Ba6
44.Nh3 Qh4 45.Rdd1 Bc8  1/2-1/2

[Event "Russia Cup Final KO Women"]
[Site "Belgorod RUS"]
[Date "2010.11.08"]
[Round "1.3"]
[White "Kindinova,E"]
[Black "Stepovaia Dianchenko,T"]
[Result "1/2-1/2"]
[WhiteElo "2151"]
[BlackElo "2385"]

1.e4 d6 2.d4 Nf6 3.Nc3 e5 4.Nf3 Nbd7 5.Bc4 Be7 6.O-O O-O 7.a4 c6 8.Ba2 h6
9.Re1 Re8 10.dxe5 dxe5 11.Nh4 Qc7 12.Nf5 Bf8 13.Qf3 Nc5 14.Nxh6+ gxh6 15.Qxf6 Bg7
16.Qh4 Qe7 17.Qg3 Qf6 18.Re3 Be6 19.Rf3 Qg6 20.Qxg6 fxg6 21.Bxe6+ Nxe6 22.Rd3 Nd4
23.Rd2 h5 24.Ne2 Bh6 25.Rxd4 Bxc1 26.Rd6 Bxb2 27.Rb1 Rad8 28.Rxg6+ Kh7 29.Rg5 Kh6
30.h4 Rd2 31.Rxb2 Rxe2 32.Rxb7 Rxe4 33.g3 Rxa4 34.Rgg7 a5 35.Rh7+ Kg6 36.Rbg7+ Kf6
37.Rg5 Ke6 38.Rhxh5 Kd6 39.Rg6+ Kd5 40.Rhh6 Rc8 41.Rd6+ Kc5 42.Rde6 e4 43.Rh5+ Kb6
44.Rhe5 Rc4 45.Rxe4 Rxc2 46.h5 Rf8 47.Re2 Rxe2 48.Rxe2 Rf5 49.h6 Rf6 50.h7 Rh6
51.Re7 a4 52.g4 a3 53.g5 Rxh7 54.Re2 Rh5 55.f4 Rh4 56.Rf2 a2 57.Rxa2 Rxf4
58.g6 Rf8 59.Rg2 c5 60.g7 Rg8 61.Kf2 Kb5 62.Ke2 Kb4 63.Kd2 Kc4 64.Rg4+ Kd5
65.Kc3 Ke6 66.Kc4 Kf7 67.Kxc5 Rxg7 68.Kd5  1/2-1/2

[Event "ch-ISR w Prelim"]
[Site "Haifa ISR"]
[Date "2010.11.08"]
[Round "1.2"]
[White "Vasiliev,Olg"]
[Black "Klinova,M"]
[Result "0-1"]
[WhiteElo "2307"]
[BlackElo "2295"]

1.e4 d6 2.d4 Nf6 3.Nc3 e5 4.Nf3 Nbd7 5.Bc4 Be7 6.O-O O-O 7.a4 c6 8.Re1 h6
9.a5 Re8 10.Be3 Bf8 11.Bb3 Ng4 12.Ng5 hxg5 13.Qxg4 exd4 14.Qh5 Ne5 15.Bxg5 Be7
16.Bxe7 Qxe7 17.Ne2 Bg4 18.Bxf7+ Qxf7 19.Qxf7+ Nxf7 20.Nxd4 Bd7 21.f3 Re5
22.Kf2 Rae8 23.c4 d5 24.cxd5 cxd5 25.exd5 Rxd5 26.Rxe8+ Bxe8 27.Ke3 Nd6 28.b4 Nf5+
29.Nxf5 Rxf5 30.Rc1 Bb5 31.Rc7 Ba6 32.Rd7 Re5+ 33.Kf4 Re2 34.b5 Bxb5 35.Rxb7 a6
36.g4 Rxh2 37.Kg5 Rd2 38.f4 Rd5+ 39.f5 Be8 40.Kf4 Rxa5 41.g5 Ra1 42.f6 g6
43.Rg7+ Kf8 44.Ra7 a5 45.Ke5 a4 46.Kd4 Rg1 47.Ra8 Rf1 48.Ra7 Rf5 49.Rh7 Rxg5  0-1

[Event "Magistral Barcelona"]
[Site "Barcelona ESP"]
[Date "2010.11.09"]
[Round "6"]
[White "Alsina Leal,D"]
[Black "Magem Badals,J"]
[Result "1/2-1/2"]
[WhiteElo "2527"]
[BlackElo "2593"]

1.e4 d6 2.d4 Nf6 3.Nc3 e5 4.Nf3 Nbd7 5.Bc4 Be7 6.O-O O-O 7.Re1 c6 8.a4 a5
9.h3 Nb6 10.Ba2 Nfd7 11.Be3 exd4 12.Bxd4 Nc5 13.Bxc5 dxc5 14.Qe2 Qd6 15.Rad1 Qh6
16.Qd2 Qg6 17.Ne5 Qf6 18.Nc4 Nxc4 19.Bxc4 Be6 20.Bxe6 Qxe6 21.Qd7 Rfd8 22.Qxb7 Rdb8
23.Qd7 Rxb2 24.Qxe6 fxe6 25.Re2 Rd8 26.Rxd8+ Bxd8 27.e5 Rb4 28.Re4 Rb2 29.Re2 Rb4
30.Re4 Rb2  1/2-1/2

[Event "ch-ISR"]
[Site "Haifa ISR"]
[Date "2010.11.10"]
[Round "3.15"]
[White "Reshef,O"]
[Black "Aharon,O"]
[Result "1-0"]
[WhiteElo "2015"]
[BlackElo "2264"]

1.e4 d6 2.d4 Nf6 3.Nc3 Nbd7 4.Nf3 e5 5.Bc4 Be7 6.O-O O-O 7.Re1 c6 8.a4 a5
9.Bg5 Nb6 10.Bb3 Nfd7 11.Be3 Bf6 12.d5 c5 13.Ra3 g6 14.Nb5 Qe7 15.h4 Bg7
16.h5 Nf6 17.h6 Bh8 18.Bg5 Bg4 19.Qd3 c4 20.Bxc4 Bxf3 21.gxf3 Rac8 22.Bb3 Nbd7
23.Qd2 Ra8 24.Bc4 Nc5 25.Bf1 Qd8 26.c3 Qb6 27.b4 Na6 28.bxa5 Qd8 29.c4 Nc5
30.Bh3 Ra6 31.Rea1 Qe7 32.Qe1 Rfa8 33.f4 exf4 34.e5 dxe5 35.d6 Rxd6 36.Nxd6 Qxd6
37.Rd1 Qc7 38.f3 Re8 39.Ra2 Nb3 40.Rb2 Nd4 41.Bg2 Qxc4 42.Rxb7 Nd5 43.Rdb1 Qc5
44.Kh1 Qd6 45.a6 Qxa6 46.Rb8 Qxa4 47.Qa5  1-0

[Event "e2e4 Brighton Congress Open"]
[Site "Brighton ENG"]
[Date "2010.11.12"]
[Round "1"]
[White "Player,E"]
[Black "Morris Hill,R"]
[Result "1/2-1/2"]
[WhiteElo "2187"]
[BlackElo "2031"]

1.e4 d6 2.d4 Nf6 3.Nc3 e5 4.Nf3 Nbd7 5.Bc4 Be7 6.O-O O-O 7.Re1 c6 8.a4 a5
9.b3 exd4 10.Nxd4 Nb6 11.Bf1 d5 12.e5 Ne8 13.Nce2 g6 14.f4 f5 15.Kh1 Ng7
16.Qd3 Nd7 17.c4 Nb6 18.Qc2 Be6 19.Rd1 Bf7 20.c5 Nd7 21.Ba3 g5 22.Re1 Be6
23.g3 Qe8 24.fxg5 Bxg5 25.Nf4 Bxf4 26.gxf4 Kh8 27.Qf2 Rg8 28.Qh4 Qf7 29.Re3 Ne8
30.Bd3 Rg4 31.Qh6 Rg6 32.Qh3 Rg4 33.Rf1 Nc7 34.Be2 Rg7 35.Bh5 Qf8 36.Rg1 Rxg1+
37.Kxg1 Qh6 38.Rf3 Rf8 39.Kh1 Na6 40.Nxe6 Qxe6 41.Rc3 Qh6 42.Qf3 Nc7 43.Rc2 Ne6
44.Bb2  1/2-1/2

[Event "e2e4 Brighton Congress Open"]
[Site "Brighton ENG"]
[Date "2010.11.13"]
[Round "3"]
[White "Cohen,R"]
[Black "Morris Hill,R"]
[Result "1-0"]
[WhiteElo "1935"]
[BlackElo "2031"]

1.e4 d6 2.d4 Nf6 3.Nc3 e5 4.Nf3 Nbd7 5.Bc4 Be7 6.Ng5 O-O 7.Bxf7+ Rxf7 8.Ne6 Qe8
9.Nxc7 Qd8 10.Nxa8 b5 11.dxe5 Nxe5 12.O-O Bd7 13.f4 Bg4 14.Qe1 Nc6 15.Nxb5 Qxa8
16.c3 a6 17.Na3 d5 18.exd5 Nxd5 19.Nc4 Bc5+ 20.Kh1 Re7 21.Ne5 h5 22.Qg3 Nxe5
23.fxe5 Qe8 24.h3 Bd7 25.c4 Nb6 26.Bg5 Re6 27.Bf6 Bf8 28.b3 Kh8 29.Bg5 Rxe5
30.Rxf8+ Qxf8 31.Qxe5 Bc6 32.Kg1 Nd7 33.Qe7 Qf5 34.Rf1 Qc2 35.Qe8+ Kh7 36.Qxh5+ Kg8
37.Qf7+ Kh8 38.Rf2 Qb1+ 39.Kh2 Qe4 40.Qf5  1-0

[Event "16th Asian Games Rapid"]
[Site "Guangzhou CHN"]
[Date "2010.11.13"]
[Round "2"]
[White "Al Qudaimi,B"]
[Black "Kazhgaleyev,M"]
[Result "0-1"]
[WhiteElo "2406"]
[BlackElo "2623"]

1.e4 d6 2.d4 Nf6 3.Nc3 Nbd7 4.Nf3 e5 5.Bd3 Be7 6.O-O O-O 7.Ne2 c6 8.Ng3 Re8
9.c3 Bf8 10.Re1 a6 11.a4 b6 12.Qb3 Bb7 13.Ng5 d5 14.f4 exd4 15.cxd4 h6 16.Nf3 c5
17.e5 c4 18.Qd1 cxd3 19.exf6 Rxe1+ 20.Nxe1 Nxf6 21.Nxd3 Ne4 22.Be3 Qe8 23.Qg4 Bc8
24.Qf3 Nxg3 25.Qxg3 Bf5 26.Nf2 Rc8 27.Nd3 Ra8 28.Nf2 Rc8 29.Bd2 Rc2 30.Bc3 b5
31.axb5 axb5 32.Nd3 Qe4 33.Nc5 Bxc5 34.dxc5 d4 35.Re1 Qd5 36.Ba5 Be4  0-1

[Event "III Iberoamerican A"]
[Site "Mexico City MEX"]
[Date "2010.11.13"]
[Round "1"]
[White "Baules,J"]
[Black "Narciso Dublan,M"]
[Result "0-1"]
[WhiteElo "2349"]
[BlackElo "2536"]

1.d4 d6 2.e4 Nf6 3.Nc3 e5 4.Nf3 Nbd7 5.Bc4 Be7 6.Bxf7+ Kxf7 7.Ng5+ Kg8 8.Ne6 Qe8
9.Nxc7 Qg6 10.Nxa8 Qxg2 11.Rf1 exd4 12.Qe2 dxc3 13.Qc4+ d5 14.Qxc8+ Kf7 15.Qxc3 Qxe4+
16.Qe3 Qxc2 17.Qb3 Bb4+ 18.Qxb4 Nc5  0-1

[Event "1st Open"]
[Site "Brno CZE"]
[Date "2010.11.14"]
[Round "1"]
[White "Buchnicek,P"]
[Black "Ziabari,M"]
[Result "1-0"]
[WhiteElo "2309"]
[BlackElo "1935"]

1.e4 d6 2.d4 Nf6 3.Nc3 c6 4.Be3 Ng4 5.Bg5 f6 6.Bh4 g5 7.Be2 h5 8.h3 gxh4
9.hxg4 hxg4 10.Bxg4 Bxg4 11.Qxg4 Qd7 12.Qg6+ Kd8 13.O-O-O Qe8 14.Qg4 Qd7
15.Rxh4 Qxg4 16.Rxg4 Nd7 17.f4 Kc7 18.Nf3 e5 19.g3 Rh3 20.Nh4 Bh6 21.Nf5 Rh8
22.dxe5 dxe5 23.Nxh6 R3xh6 24.Rg7 Rd8 25.f5 Kc8 26.b3 Nc5 27.Rxd8+ Kxd8 28.b4 Nd7
29.b5 Kc7 30.Kb2 Kd6 31.a4 a6 32.bxa6 bxa6 33.a5 Nc5 34.Rf7 Nd7 35.Na4 Nc5
36.Nc3 Nd7 37.Kb3 Rh3 38.Rg7 Nc5+ 39.Kb4 Rh2 40.Rf7 Nd7 41.Na4 Rxc2 42.Nb6 Nxb6
43.axb6 Rb2+ 44.Kc4 Rxb6 45.Rxf6+ Kd7 46.Re6 Rb5 47.g4 a5 48.g5 a4 49.g6 a3
50.g7 Rb8 51.Rxe5 Ra8 52.Ra5 Rxa5 53.g8=Q a2 54.Qg7+ Ke8 55.f6 Ra4+ 56.Kc5 Ra5+
57.Kd6  1-0

[Event "16th Asian Games Rapid"]
[Site "Guangzhou CHN"]
[Date "2010.11.15"]
[Round "4"]
[White "Salem,AR"]
[Black "Kazhgaleyev,M"]
[Result "0-1"]
[WhiteElo "2518"]
[BlackElo "2623"]

1.d4 d6 2.e4 Nf6 3.Nc3 e5 4.Nf3 exd4 5.Nxd4 Be7 6.Be2 O-O 7.O-O Re8 8.Re1 Bf8
9.Bf1 c6 10.Bg5 h6 11.Bh4 Nbd7 12.Bg5 Nb8 13.Bh4 Nbd7 14.a3 Ne5 15.f4 Ng6
16.Bg3 Bd7 17.h3 b5 18.Qf3 Qb6 19.Bf2 Qc7 20.Rad1 a5 21.Bd3 b4 22.Nb1 Rab8
23.a4 Rbd8 24.Nd2 Bc8 25.N4b3 c5 26.Bb5 Re7 27.Nf1 Bb7 28.Ng3 c4 29.Nd2 Nh4
30.Qe3 Nd5 31.Qa7 Ra8 32.Qd4 Nxf4 33.Nh5 Nhxg2 34.Bg3 Nxh5 35.Bxd6 Rd8 36.Bxc7 Rxd4  0-1

[Event "16th Asian Games Rapid"]
[Site "Guangzhou CHN"]
[Date "2010.11.16"]
[Round "8"]
[White "Ni Hua"]
[Black "Kazhgaleyev,M"]
[Result "0-1"]
[WhiteElo "2633"]
[BlackElo "2623"]

1.e4 d6 2.d4 Nf6 3.Nc3 e5 4.Nf3 exd4 5.Nxd4 Be7 6.g3 Nc6 7.Bg2 O-O 8.O-O Bd7
9.h3 Re8 10.g4 h6 11.Nf5 Bf8 12.Bf4 Be7 13.Bc1 Bf8 14.Bf4 Ne5 15.Bc1 Nc6
16.Bf4 Ne5 17.Bg3 b5 18.a3 a5 19.Ne3 c6 20.f4 Ng6 21.Qd3 Qb6 22.Kh1 b4 23.axb4 axb4
24.Rxa8 Rxa8 25.Ne2 Re8 26.Nc4 Qc5 27.Ne3 Qb6 28.Nc3 Ra8 29.Ne2 Re8 30.Nc4 Qc5
31.Bf2 Qb5 32.Nb6 Qa5 33.e5 Bxg4 34.hxg4 Nxg4 35.Bg1 dxe5 36.Bxc6 exf4 37.Qb5 Qxb5
38.Bxb5 Re5 39.Bd3 f3 40.Rxf3 Rh5+ 41.Kg2 Nh4+ 42.Kg3 Ne5 43.Rf4 Bd6 44.Rd4 Nxd3+
45.Rxd6 Nf5+ 46.Kg2 Rg5+ 47.Kh2 Nxd6 48.cxd3 Re5 49.Nd4 Re1 50.Nd5 Rd1 51.Nxb4 Rd2+
52.Kh3 Rxb2 53.Ndc2 Kh7 54.Bc5 Nf5 55.d4 Rb1 56.d5 g5 57.Nd3 Rd1 58.Ncb4 h5
59.d6 Rd2 60.Bg1 g4+  0-1

[Event "VI World Blitz"]
[Site "Moscow RUS"]
[Date "2010.11.16"]
[Round "4.1"]
[White "Carlsen,M"]
[Black "Movsesian,S"]
[Result "1-0"]
[WhiteElo "2802"]
[BlackElo "2721"]

1.e4 d6 2.d4 Nf6 3.Nc3 e5 4.Nge2 c6 5.g3 b5 6.Bg2 Be7 7.O-O Bb7 8.a3 Nbd7
9.h3 h5 10.Be3 a5 11.Qd2 b4 12.Nd1 O-O 13.axb4 axb4 14.Rxa8 Qxa8 15.b3 Re8
16.dxe5 dxe5 17.f3 Rd8 18.Nf2 Nc5 19.Qxb4 Nfd7 20.Qc3 Ba6 21.Ra1 Qb7 22.Nc1 h4
23.g4 Ne6 24.Qa5 Ra8 25.Bf1 Nb8 26.Bc4 Qc8 27.Ncd3 Nd4 28.Bxd4 exd4 29.Kg2 Ra7
30.Qh5 Bd8 31.Ne5 Bxc4 32.Rxa7 Be6 33.Nxf7 Bf6 34.Qh8+  1-0

[Event "VI World Blitz"]
[Site "Moscow RUS"]
[Date "2010.11.16"]
[Round "10.4"]
[White "Savchenko,B"]
[Black "Movsesian,S"]
[Result "0-1"]
[WhiteElo "2632"]
[BlackElo "2721"]

1.e4 d6 2.d4 Nf6 3.Nc3 e5 4.Nf3 Nbd7 5.Be2 c6 6.O-O Be7 7.h3 O-O 8.Be3 Qc7
9.Nd2 Re8 10.f4 exd4 11.Bxd4 b5 12.Bf3 Bb7 13.Qe1 b4 14.Ne2 c5 15.Be3 Bf8
16.Ng3 d5 17.e5 Nxe5 18.fxe5 Qxe5 19.Bf2 Qxb2 20.Qd1 Rad8 21.Nb3 Ba6 22.Rb1 Qe5
23.Re1 Qc7 24.Qd2 d4 25.Ra1 Bc8 26.Qd3 c4 27.Qd2 cxb3 28.axb3 Rxe1+ 29.Bxe1 Bd6
30.Ne2 a5 31.Bf2 Be5 32.Rd1 d3 33.cxd3 Be6 34.Rc1 Qd7 35.d4 Bb8 36.Rc5 Bxb3
37.Rxa5 Bd5 38.Bxd5 Nxd5 39.Qa2 h6 40.Kf1 Qf5 41.Ke1 Qe4 42.Kf1 Bc7 43.Rc5 Qe6
44.Qc4 Bb6 45.Rc6 Qe8 46.Nc1 Ba7 47.Nd3 Ne3+ 48.Bxe3 Qxe3 49.Rc7 Bxd4 50.Qxf7+ Kh8
51.Qf3 Qg1+ 52.Ke2 Re8+ 53.Kd2 Bc3+ 54.Kc2 Qa1 55.Kb3 Qa3+ 56.Kc4 Qa2+ 57.Kb5 Rb8+
58.Rb7 Rd8 59.Nc5 Bf6 60.Kxb4 Qb2+ 61.Ka5 Ra8+ 62.Na6 Qa2+ 63.Kb4 Qxa6  0-1

[Event "4th Mediterranean Open"]
[Site "Rijeka CRO"]
[Date "2010.11.16"]
[Round "5.2"]
[White "Berescu,A"]
[Black "Predojevic,B"]
[Result "1/2-1/2"]
[WhiteElo "2468"]
[BlackElo "2632"]

1.e4 d6 2.d4 Nf6 3.Nc3 e5 4.Nf3 Nbd7 5.Bc4 Be7 6.O-O O-O 7.Re1 c6 8.a4 a5
9.h3 Nb6 10.Bf1 exd4 11.Nxd4 d5 12.exd5 Nfxd5 13.Nxd5 Nxd5 14.Bc4 Bc5 15.c3 Be6
16.Nxe6 fxe6 17.Be3 Bxe3 18.fxe3 Qb6 19.Re2 Nf4 20.Re1 Rad8 21.Qb3 Qc5 22.Bxe6+ Kh8
23.Qc4 Qb6 24.Bf7 Nd3 25.Re2 Ne5 26.Qb3 Qa6 27.Rf2 Qa7 28.Raf1 Qxe3 29.Kh1 Nd3
30.Rf3 Qe7 31.Bh5 Rxf3 32.Bxf3 Rf8 33.Qc2 Nc5 34.Rd1 Qh4 35.Rd4 Qe1+ 36.Kh2 Qe5+
37.Kg1 Qe1+ 38.Kh2 Qe5+ 39.Kg1 Qe1+  1/2-1/2

[Event "1st Open"]
[Site "Brno CZE"]
[Date "2010.11.17"]
[Round "6"]
[White "Paral,S"]
[Black "Ziabari,M"]
[Result "1-0"]
[WhiteElo "2085"]
[BlackElo "1935"]

1.e4 d6 2.d4 Nf6 3.Nc3 c6 4.h3 Qc7 5.Nf3 e5 6.Be3 Nbd7 7.Bc4 b5 8.dxe5 Nxe5
9.Nxe5 dxe5 10.Bd3 b4 11.Ne2 Be6 12.O-O Rd8 13.Ng3 h5 14.f3 h4 15.Nh1 Nh5
16.Qe1 Be7 17.Kh2 f5 18.Bf2 Nf4 19.Qe3 Nxd3 20.cxd3 c5 21.b3 Rh5 22.Rac1 Qd7
23.Qe2 f4 24.Bxc5 Bxc5 25.Rxc5 Qxd3 26.Qxd3 Rxd3 27.Nf2 Rd2 28.Ra5 Bd7 29.Ng4 Bxg4
30.hxg4 Rh6 31.Kh3 Kf8 32.Rc1 Re6 33.Rc8+ Kf7 34.Rc7+ Kf6 35.g5+ Kxg5 36.Rxg7+ Kh5
37.Raxa7 Rd1 38.Kh2 Rg6 39.Rh7+ Rh6 40.Rxh6+ Kxh6 41.Re7 Rd2 42.Rxe5 Rxa2
43.Rb5 Ra6 44.Rxb4 Rg6 45.Rb8 Kg7 46.Rb5 Rg3 47.Rh5 Kf6 48.Rxh4 Ke5 49.Rg4  1-0

[Event "ch-ISR"]
[Site "Haifa ISR"]
[Date "2010.11.17"]
[Round "8.11"]
[White "Kudischewitsch,D"]
[Black "Aharon,O"]
[Result "1-0"]
[WhiteElo "2366"]
[BlackElo "2264"]

1.d4 d6 2.e4 Nf6 3.Nc3 Nbd7 4.g4 h6 5.h3 e5 6.Nge2 c6 7.Bg2 b5 8.a3 g6 9.Be3 Bg7
10.f4 Bb7 11.Qd2 a5 12.O-O b4 13.axb4 axb4 14.Rxa8 Qxa8 15.Nd1 Qa5 16.dxe5 dxe5
17.g5 hxg5 18.fxg5 Nh5 19.Rxf7 Qd8 20.Rf1 Ba6 21.Qd6 Nb8 22.Qe6+ Qe7 23.Qxg6+ Kd8
24.Rf7 Bxe2 25.Bb6+ Kd7 26.Rxe7+ Kxe7 27.Bc5+ Kd8 28.Ne3 Nd7 29.Bxb4 Bf8
30.Ba5+  1-0

[Event "ch-ISR"]
[Site "Haifa ISR"]
[Date "2010.11.17"]
[Round "8.1"]
[White "Zaltz,D"]
[Black "Golod,V"]
[Result "0-1"]
[WhiteElo "2316"]
[BlackElo "2582"]

1.e4 d6 2.d4 Nf6 3.Nc3 e5 4.Nf3 Nbd7 5.Bc4 Be7 6.O-O O-O 7.Re1 c6 8.a4 a5
9.b3 Nb6 10.Bf1 exd4 11.Nxd4 d5 12.e5 Ne8 13.Qd3 g6 14.Bh6 Ng7 15.Qd2 f6
16.exf6 Bxf6 17.Nf3 Bf5 18.Rad1 Bg4 19.Be2 Qc7 20.Bf4 Qe7 21.Be3 Qb4 22.Bd4 Bxf3
23.Bxf3 Qxd4 24.Qxd4 Bxd4 25.Rxd4 Rae8 26.Kf1 Rxe1+ 27.Kxe1 Nf5 28.Rd2 Nh4
29.Rd3 Nd7 30.Ke2 Ne5 31.Re3 Nexf3 32.gxf3 d4 33.Re4 Nxf3 34.Nd1 Rf7 35.h4 h5
36.Nb2 g5 37.hxg5 h4 38.Re6 h3 39.Rg6+ Kh7 40.Rh6+ Kg7 41.Kf1 Nxg5 42.Rh4 b5
43.axb5 cxb5 44.Rxd4 Nf3 45.Rg4+ Kh8 46.Rg6 Rh7 47.Rd6 Rh5 48.Rd8+ Kg7 49.Rd1 h2
50.Kg2 Rg5+ 51.Kxf3 Rg1 52.Rd7+ Kh6 53.Rd6+ Kh5 54.Rd5+ Kh4 55.Rd4+ Kh3 56.Nd3 h1=Q+
57.Ke2 Qc6 58.Nf4+ Kh2 59.c4 a4 60.Rd3 Qe4+  0-1

[Event "III Iberoamerican A"]
[Site "Mexico City MEX"]
[Date "2010.11.17"]
[Round "5"]
[White "Aguilar,Gu"]
[Black "Narciso Dublan,M"]
[Result "0-1"]
[WhiteElo "2157"]
[BlackElo "2536"]

1.e4 d6 2.d4 Nf6 3.Nc3 e5 4.Nf3 Nbd7 5.Bc4 Be7 6.O-O O-O 7.Re1 c6 8.a4 a5
9.h3 Nb6 10.Ba2 Nfd7 11.Be3 exd4 12.Nxd4 Nc5 13.Qh5 Nbxa4 14.Nxa4 Nxa4 15.Bxf7+ Rxf7
16.Rxa4 Bf6 17.b4 g6 18.Qe2 Bd7 19.bxa5 Rxa5 20.Rea1 Rxa4 21.Rxa4 Qe8 22.c4 Bxd4
23.Bxd4 c5 24.Ba1 Bxa4 25.Qb2 Kf8  0-1

[Event "VI World Blitz"]
[Site "Moscow RUS"]
[Date "2010.11.17"]
[Round "26.9"]
[White "Mamedov,Rau"]
[Black "Movsesian,S"]
[Result "1-0"]
[WhiteElo "2660"]
[BlackElo "2721"]

1.e4 d6 2.d4 Nf6 3.Nc3 e5 4.Nf3 Nbd7 5.Bc4 Be7 6.O-O O-O 7.a4 a6 8.Ba2 b6
9.Re1 Bb7 10.Bg5 h6 11.Bh4 exd4 12.Nxd4 Re8 13.Nf5 Bf8 14.Qf3 g6 15.Qg3 Ne5
16.f4 Neg4 17.Bxf6 Qxf6 18.Qxg4 h5 19.Qh4 Qh8 20.Qg5 Qh7 21.Nh4 Kg7 22.f5 Be7
23.f6+  1-0

[Event "1st Open"]
[Site "Brno CZE"]
[Date "2010.11.18"]
[Round "7"]
[White "Macek,K"]
[Black "Volak,M"]
[Result "1/2-1/2"]
[WhiteElo "1968"]
[BlackElo "2200"]

1.e4 d6 2.d4 Nf6 3.Nc3 c6 4.Nf3 Qa5 5.Qd3 e5 6.Be2 Be7 7.O-O O-O 8.h3 Nbd7
9.Be3 b5 10.d5 Bb7 11.dxc6 Bxc6 12.Nd5 Bxd5 13.exd5 e4 14.Qd2 Qxd2 15.Nxd2 Nxd5
16.Bxb5 Nxe3 17.fxe3 Nf6 18.c4 Rfc8 19.Rac1 a6 20.Ba4 Ra7 21.Rcd1 Bd8 22.Bb3 Rd7
23.Rf4 Bb6 24.Kf2 Re7 25.Ke2 Rd8 26.Nf1 Bc7 27.Rf5 Nd7 28.Rfd5 g6 29.Ng3 Kg7
30.Bc2 f5 31.Ba4 Nb6 32.Ra5 Nxc4 33.Rxa6 Nxb2 34.Rb1 Nxa4 35.Rxa4 d5 36.Rb7 Rb8
37.Raa7 Rxb7 38.Rxb7 Kf7 39.Nf1 f4 40.a4 Be5 41.Rb5 d4 42.exd4 Bxd4 43.a5 e3
44.a6 Ba7 45.Rb7 Rxb7 46.axb7 Ke6 47.g3 g5 48.gxf4 gxf4 49.Nxe3 fxe3 50.b8=Q Bxb8  1/2-1/2

[Event "Panam-Cont 2010"]
[Site "Cali COL"]
[Date "2010.11.18"]
[Round "3"]
[White "Alvarez,Ja"]
[Black "Escobar Forero,A"]
[Result "0-1"]
[WhiteElo "2160"]
[BlackElo "2456"]

1.e4 d6 2.d4 Nf6 3.Nc3 e5 4.Nf3 Nbd7 5.Bc4 Be7 6.O-O O-O 7.Re1 c6 8.Bf1 Re8
9.b3 Bf8 10.Bb2 Qc7 11.Qd2 b5 12.a3 a6 13.Kh1 Bb7 14.Re2 Rad8 15.Qe1 a5 16.Rd1 b4
17.axb4 axb4 18.Nb1 exd4 19.Nxd4 c5 20.Nb5 Qb8 21.Nxd6 Bxd6 22.e5 Bxe5 23.Rxe5 Nxe5  0-1

[Event "Panam-Cont 2010"]
[Site "Cali COL"]
[Date "2010.11.18"]
[Round "3"]
[White "Ospina Loaiza,J"]
[Black "Acosta,M USA"]
[Result "0-1"]
[WhiteElo "2002"]
[BlackElo "2060"]

1.e4 d6 2.d4 Nf6 3.Nc3 c6 4.Be2 Nbd7 5.f4 Qa5 6.Qd3 e5 7.Nf3 Be7 8.Bd2 Qc7
9.O-O-O O-O 10.Ng5 h6 11.h4 b5 12.fxe5 dxe5 13.Rdf1 a5 14.Qg3 b4 15.Na4 Bd6
16.dxe5 Bxe5 17.Bf4 Ba6 18.Bxa6 Rxa6 19.Bxe5 Qxe5 20.Qd3 Rfa8 21.Rf5 Qe7
22.Qg3 Re8 23.e5 Nxe5 24.Rhf1 Ned7 25.Kb1 c5 26.a3 bxa3 27.Qd3 a2+ 28.Kxa2 Rd6
29.Qc3  0-1

[Event "VI World Blitz"]
[Site "Moscow RUS"]
[Date "2010.11.18"]
[Round "32"]
[White "Karjakin,Sergey"]
[Black "Eljanov,P"]
[Result "1/2-1/2"]
[WhiteElo "2760"]
[BlackElo "2742"]

1.e4 d6 2.d4 Nf6 3.Nc3 e5 4.Nf3 Nbd7 5.Bc4 Be7 6.O-O O-O 7.a4 c6 8.Re1 b6
9.Bg5 a6 10.d5 c5 11.Nd2 h6 12.Bxf6 Nxf6 13.Rb1 h5 14.Be2 h4 15.b4 Qc7 16.Nc4 Rb8
17.Qd2 Bd7 18.Ne3 cxb4 19.Rxb4 Rfc8 20.Rc4 Qa7 21.Rb1 Rxc4 22.Bxc4 Bxa4 23.Nxa4 b5
24.Nf5 Bf8 25.Nc3 bxc4 26.Ra1 h3 27.gxh3 g6 28.Ng3 Qd4 29.Qe1 Bh6 30.Nge2 Qb6
31.Kg2 Nh5 32.Ra4 Qd8 33.Rxa6 Nf4+ 34.Nxf4 Bxf4 35.Qe2 Rb2 36.Rc6 Qg5+ 37.Qg4 Qxg4+
38.hxg4 Rxc2 39.Nb5 Be3 40.Nxd6 c3 41.Nc4 Bd4 42.d6 Rxf2+ 43.Kg3 c2 44.Na3 Rd2
45.Nxc2 Bg1 46.Nb4 Bxh2+ 47.Kf3 f5 48.gxf5 gxf5 49.exf5 Rxd6 50.Rc2 Bf4 51.Kg4 Rd4
52.Nc6 Ra4 53.Kh5 Kf7 54.Rg2 Kf6 55.Rg6+ Kxf5 56.Nxe5 Bxe5 57.Rg5+ Ke6 58.Rg6+ Bf6
59.Rg4 Ra8 60.Kg6 Ra7 61.Re4+ Be5 62.Rg4 Rf7 63.Rg5 Bf4 64.Rg4 Rf6+ 65.Kg7 Bh6+
66.Kh7 Kf5 67.Rg2 Bf4 68.Rg7 Rh6+ 69.Kg8 Be5 70.Rh7 Rg6+ 71.Kf7 Rf6+ 72.Ke7 Bd6+
73.Kd7 Bf4 74.Re7 Be5 75.Kc8 Rb6 76.Kd7 Ke4 77.Re6 Rb8 78.Ra6 Bd4 79.Kc6 Ke5
80.Ra5+ Ke6 81.Rb5 Rc8+ 82.Kb7 Rc2 83.Rb4 Be5 84.Kb6 Bd6 85.Rb3 Kd7 86.Kb5 Rc5+
87.Kb4 Be7 88.Rc3 Rd5+ 89.Kc4 Re5 90.Rd3+ Kc6 91.Kd4 Bf6 92.Kc4 Re4+ 93.Kb3 Kc5
94.Rf3 Rb4+ 95.Kc2 Kc4 96.Rxf6  1/2-1/2

[Event "4th Mediterranean Open"]
[Site "Rijeka CRO"]
[Date "2010.11.18"]
[Round "7.20"]
[White "Bontempi,P"]
[Black "Valenti,G"]
[Result "1/2-1/2"]
[WhiteElo "2375"]
[BlackElo "2122"]

1.e4 d6 2.d4 Nf6 3.Nc3 e5 4.Nf3 Nbd7 5.Bc4 Be7 6.O-O O-O 7.Re1 c6 8.a4 h6
9.Ba2 Re8 10.Nh4 Nf8 11.Nf5 Bxf5 12.exf5 exd4 13.Qxd4 d5 14.Bd2 Qd7 15.Qd3 Bc5
16.h3 N8h7 17.Kf1 Ng5 18.b4 Bb6 19.a5 Bc7 20.Rad1 Qd6 21.g3 Qd7 22.Rxe8+ Rxe8
23.Be3 Nge4 24.Nxe4 Nxe4 25.c4 Qxf5 26.Kg2 dxc4 27.Qd7 Nd6 28.Qxc7 Rxe3 29.Qd8+ Kh7
30.Bb1 Ne4 31.fxe3 Qf2+ 32.Kh1 Qf3+  1/2-1/2